Loading...

Perumalute Thokku/

Bibliographic Details
Main Author: Manohara Varma M.R
Format: Printed Book
Published: Kottayam: Sahitya Pravarthaka Co-operative Society, 2013.
Subjects:
LEADER 00600nam a22001697a 4500
020 |a 9789383498277 
082 |a M3  |b MAN/P 
100 |a Manohara Varma M.R.  |9 161249 
245 |a Perumalute Thokku/  |c by Manohara Varma M.R. 
260 |a Kottayam:  |b Sahitya Pravarthaka Co-operative Society,  |c 2013. 
300 |a 176p. 
650 |a Novel Malayalam  |9 161250 
650 |a Literature Malayalam  |9 161251 
650 |a Literature  |9 161252 
942 |c BK 
999 |c 142029  |d 142029 
952 |0 0  |1 0  |4 0  |6 M_3_000000000000000_MAN_P  |7 0  |9 98289  |a SSUS  |b SSUS  |c STACKS  |d 2019-05-15  |g 125.00  |o M3 MAN/P  |p 095268  |r 2019-05-15  |w 2019-05-15  |y BK